[Event "EU-Cup 31st"]
[Site "Skopje"]
[Date "2015.10.19"]
[Round "2.1"]
[White "Babula, Vlastimil"]
[Black "Giri, Anish"]
[Result "1-0"]
[WhiteElo "2554"]
[BlackElo "2798"]
[Annotator "Sagar Shah"]
[PlyCount "77"]
[EventDate "2015.10.18"]
[EventType "team-swiss"]
[EventRounds "7"]
[EventCountry "MKD"]
[SourceTitle "CBM 169"]
[Source "ChessBase"]
[SourceDate "2015.11.10"]
[SourceVersion "1"]
[SourceVersionDate "2015.11.10"]
[SourceQuality "1"]
[WhiteTeam "Werder Bremen"]
[BlackTeam "Socar"]
[WhiteTeamCountry "GER"]
[BlackTeamCountry "AZE"]

{It is surprising that a solid player like Anish who hardly ever loses, should
go down to Babula who is rated nearly 250 points below him. But in chess the
best of players can blunder and when that happens nothing can be done!} 1. d4
e6 2. c4 d5 3. Nc3 Bb4 4. Nf3 dxc4 5. e3 b5 6. a4 c6 {By some weird move order
we are now into one of the sharpest lines of chess called the Noteboom
Variation.} 7. Bd2 a5 8. axb5 Bxc3 9. Bxc3 cxb5 10. b3 Bb7 11. bxc4 b4 12. Bb2
{This is all pretty well known theory. Black has those two extremely dangerous
looking passed pawns on the queenside and White has the central pawns. I would
say it is one of the most exciting and imbalanced opening positions in the
game of chess.} Nf6 13. Bd3 O-O 14. O-O Nbd7 15. Nd2 (15. Re1 Ne4 16. c5 Bc6
17. Qc2 f5 18. Bc4 Qe7 19. Bb3 Kh8 20. Red1 Qe8 21. Ba4 Bxa4 22. Rxa4 Ndf6 23.
Rda1 Qb5 24. Ne5 Ng4 25. Nxg4 fxg4 26. Qxe4 Qe2 27. Rf1 Qxb2 28. Qxe6 b3 29.
Qc4 Rf6 30. Qc1 Qe2 31. c6 $4 b2 32. Qc4 Qd2 33. c7 Rc8 34. Qb3 Rcf8 35. Qd1
Rxf2 {0-1 (35) Kasimdzhanov,R (2705)-Grischuk,A (2810) Tbilisi 2015}) 15... Qc7
{A tricky move. The idea seems to be to get in the move e5 but it's more than
that. The hidden point which is not so obvious is g2. A sweet double threat!} (
15... e5 16. f4 (16. Bc2 Qc7 17. Ba4) (16. dxe5 Nxe5 $11) 16... exd4 17. exd4
Re8 18. d5 Nc5 19. Bc2 $14 {leads to different kind of position which is in
White's favour.}) 16. f4 {Preventing Black from hitting the centre with e5.
But this has left the g2 point quite soft and Black can advancce his queenside
majority which otherwise would not have been possible.} (16. e4 {This natural
central move wouldn't have helped much as Black had the typical} e5 $1 17. d5
Nc5 {[%csl Gc5] This is some sort of a dream position for Black. The central
pawns have been blocked and the queenside majority will be free to advance in
a few moves.} 18. Bc2 Nfd7 $36 {[%csl Rc4][%cal Gd7b6,Gb7a6,Gf7f6,Ga5a4]}) (16.
f3 $5 Bc6 17. e4 (17. Bc2 {is more circumspect.}) 17... a4 (17... e5 18. d5 Bb7
19. Bc2 Nc5 {still looks pretty comfortable for Black.}) 18. d5 Nc5 $1 19. Bc2
(19. Qc2 $6 a3 $1 20. Bxf6 {and now a strong intermediate move} Ba4 $1 21. Qb1
gxf6 $17 {[%csl Ga3,Gb4]}) (19. Qb1 $5 Bb7 20. e5 Nxd3 21. Qxd3 (21. exf6 $2
Qb6+ 22. Kh1 Nxb2 23. Qxb2 exd5 24. fxg7 Rfe8 25. cxd5 a3 $19 {[%csl Ga3,Rb2,
Gb4,Gb6,Rc3,Rd4,Re5,Rf6][%cal Gb7d5]}) 21... Nxd5 $1 22. cxd5 Ba6 23. Qd4 Bxf1
24. d6 Qb7 25. Rxf1 Rfb8 $15 {[%csl Ga4,Ga8,Rb2,Gb4,Gb8,Rd2] Here the passed
pawns make the rook stronger against the two minor pieces.}) 19... b3 20. dxc6
bxc2 21. Qxc2 Qxc6 22. e5 Nfd7 $15 {[%csl Gc5,Gd7][%cal Gf8b8] with better
minor pieces.}) (16. Bc2 $5 Rfd8 (16... e5 {Now this central break is not so
effective as white has} 17. d5 Nc5 18. f4 $1) 17. f3 Bc6 {with a complicated
position.}) 16... a4 $1 {Rxa4 is met with Qc6 with an attack on a4 and g2.} 17.
Rb1 (17. Rxa4 $2 Qc6 $19) 17... Qd6 18. Qe2 Rfd8 19. e4 Nc5 $1 {Anish is on
the right track until now and navigating his way around the position with
quite some precision.} 20. e5 Qc6 21. dxc5 (21. exf6 Nxd3 $15) 21... Rxd3 (
21... Ng4 22. Be4 Qxc5+ 23. Kh1 Rxd2 24. Qxd2 Bxe4 25. Bd4 Qxc4 26. Qxb4 $16 {
is another complicated variation which ends in a better position for White.})
22. exf6 Rad8 23. Nf3 Qxc5+ 24. Kh1 {Black is a piece down but has excellent
compensation. White's centre is completely demolished and the a- and b-passers
are still on the board.} (24. Qf2 Qxf2+ 25. Rxf2 a3 26. Be5 b3 27. Nd2 b2 (
27... Ba6 28. Nxb3 Rxb3 29. Rxb3 Rd1+ 30. Rf1 Rxf1+ 31. Kxf1 Bxc4+ 32. Ke1 Bxb3
33. fxg7 $11) 28. Bxb2 axb2 29. Rxb2 Bc6 30. fxg7 Kxg7 $44 {This pawn down
position for Black is round about equal.}) 24... b3 $2 {A bad move by Anish
which blocks his queenside pawns. Once the a- and b-pawns have been restrained,
the extra piece will make itself felt.} (24... a3 25. Be5 b3 26. fxg7 Bxf3 (
26... Qe3 $11 {was also possible.}) 27. gxf3 Qxc4 $17 {was the right way to
continue when Black is just better.}) 25. Rbd1 $1 $18 {I wonder what Anish
missed here. a3 is not going to come here and Black is just a piece down.} R3d6
26. Be5 $6 (26. Ne5 {would have been stronger} Rxd1 (26... gxf6 27. Ng4 $18)
27. Rxd1 Rd6 28. Rxd6 Qxd6 29. fxg7 $18) 26... Rxd1 27. Rxd1 Qa5 (27... Qb6 {
could have been tried.} 28. Ng5 (28. Nd4 b2 $1 $11 {and the rook cannot move
from d1 as the d4-knight will be left hanging.}) 28... h6 29. fxg7 $1 b2 {
Trying to create complications.} 30. Rxd8+ Qxd8 31. Bxb2 hxg5 32. Qh5 Bxg2+ 33.
Kxg2 Qd2+ 34. Kf1 Qxf4+ 35. Ke1 Qe4+ 36. Qe2 Qb1+ 37. Kf2 Qf5+ 38. Kg3 Qf4+ 39.
Kg2 $18 {With a winning position.}) 28. Nd4 {White's forces co-ordinate
perfectly.} g6 29. h3 Qb6 30. Kh2 h6 (30... b2 31. Nb5 $18) 31. c5 $1 Qa6 (
31... Qxc5 32. Nxe6 $18) 32. c6 $1 Qxe2 33. Nxe2 Rxd1 34. cxb7 Rd8 35. Nc3 $1 (
35. b8=Q $2 Rxb8 36. Bxb8 b2 37. Nc3 a3 $19) 35... a3 36. Nb5 a2 37. Nd6 {
Threatening Nc8.} Rb8 38. h4 {The sad part of the story is that the black king
cannot participate in this battle.} Kh7 39. g4 {The white king will slowly
come over and clean up the pawns.} 1-0

[Event "FIDE World Cup"]
[Site "Baku"]
[Date "2015.09.22"]
[Round "4.4"]
[White "Wojtaszek, Radoslaw"]
[Black "Giri, Anish"]
[Result "0-1"]
[WhiteElo "2741"]
[BlackElo "2793"]
[Annotator "Sagar Shah"]
[PlyCount "82"]
[EventDate "2015.09.11"]
[EventType "k.o."]
[EventRounds "7"]
[EventCountry "AZE"]
[SourceTitle "CBM 169"]
[Source "ChessBase"]
[SourceDate "2015.11.10"]
[SourceVersion "1"]
[SourceVersionDate "2015.11.10"]
[SourceQuality "1"]

1. d4 d5 2. c4 c6 3. Nc3 Nf6 4. e3 e6 5. b3 Bb4 6. Bb2 Ne4 7. Nge2 Qf6 8. f3
Bxc3+ 9. Bxc3 Nxc3 10. Nxc3 O-O 11. f4 c5 12. cxd5 cxd4 13. Qxd4 Qxd4 14. exd4
exd5 15. Nxd5 Nc6 16. Nc7 Rb8 17. d5 Ne7 18. O-O-O Rd8 19. Bc4 Kf8 20. Rhe1 Bg4
21. Rd2 Rbc8 22. h3 Bd7 {Diagram [#] White is a pawn up and has a clearly
dominating position. The most natural move 23.d6 can be met with 23...Nf5
which Wojtaszek did not like. Hence he stopped 23...Nf5 with 23.g4 intending
to meet 23...Rxc7 with 24.d6. But he had missed something really huge!} 23. g4
$2 (23. Kb2 $1 {was a simple move which was sufficient for a very tangible
advantage. The main reason is that after 23...Rxc7 24.d6 Rxc4 is not a check!}
Nf5 24. Nb5 Bxb5 25. Bxb5 Nd6 26. Bd3 $16 {I think it is extremely difficult
for Black to defend this. White will open a second front on the kingside and
will sooner or later breakthrough.}) 23... Rxc7 $1 24. d6 {What had Radoslaw
missed?} Rxc4+ $1 $17 {From a better position Black slid into a worse game and
soon lost.} 25. bxc4 Nc6 26. c5 g6 27. Rb2 Bc8 28. Re4 Kg7 29. Kd2 h5 30. Kc3
hxg4 31. hxg4 Rh8 32. Re3 Rh1 33. Rd3 Nb8 34. g5 Rc1+ 35. Kd4 Nd7 36. Rb5 a6
37. Ra5 Nb8 38. Ke3 Bd7 39. Rb3 Bc6 40. Kd4 Nd7 41. Rc3 Rf1 0-1

[Event "RUS-ch 68th"]
[Site "Chita"]
[Date "2015.08.10"]
[Round "2"]
[White "Vitiugov, Nikita"]
[Black "Bukavshin, Ivan"]
[Result "1-0"]
[WhiteElo "2719"]
[BlackElo "2655"]
[Annotator "Sagar Shah"]
[PlyCount "55"]
[EventDate "2015.08.09"]
[EventType "tourn"]
[EventRounds "11"]
[EventCountry "RUS"]
[EventCategory "18"]
[SourceTitle "CBM 168"]
[Source "ChessBase"]
[SourceDate "2015.09.14"]
[SourceVersion "1"]
[SourceVersionDate "2015.09.14"]
[SourceQuality "1"]

1. d4 d5 2. c4 e6 3. Nc3 c6 {The triangle system is gaining in quite some
popularity these days.} 4. e3 {Vitiugov avoids the complicated Marshall Gambit
and Noteboom Variations and instead goes for the quiet variation with e3. Is
it an invitation to enter the Meran?} Nf6 {Bukavshin doesn't mind the Meran.} (
4... f5 {is another interesting move going into the stonewall.}) 5. b3 $5 {
Though pretty logical, this is the sixth most popular move in the position.
Vitiugov has a strange strategy of delaying Nf3 for quite some time in this
game.} Bd6 (5... Bb4 6. Bb2 Ne4 7. Qc2 Qa5 8. Nge2 $14) 6. Bb2 O-O 7. Bd3 $5 {
Vitiugov continues his strategy of delaying the development of his knight with
Nf3. Black makes a logical move of breaking in the center with e5.} (7. Nf3
Nbd7 8. Bd3 {Takes us into one of the important positions of the Anti-Meran.})
7... e5 $1 8. dxe5 (8. cxd5 $6 exd4 $1 9. exd4 Nxd5 $17) 8... Bxe5 9. Nf3 {
If Black has to retreat or give up his bishop on c3 then White would be better.
But Black has a developing move at his disposal which maintains the balance.}
Bg4 (9... dxc4 10. Bxc4 Qxd1+ 11. Rxd1 $14) 10. Qc2 Bxf3 11. gxf3 d4 $5 {
This is a very natural move trying to take advantage of the white king still
being in the centre of the board. But it is inaccurate. Better would have been}
(11... Na6 $142 12. a3 (12. f4 $2 Nb4 $17) 12... Qe7 $132) 12. Ne2 $1 Qa5+ {
Bukavshin had definitely prepared this move which defends the e5 bishop and
threatens dxe3 on the next move but maybe he underestimated Vitiugov's reply.}
(12... c5 {might have limited the damage.} 13. f4 Bd6 14. exd4 cxd4 15. O-O-O
$36) 13. b4 $1 (13. Kf1 dxe3 14. b4 Qc7 $17) (13. Qd2 $2 Qxd2+ 14. Kxd2 dxe3+
$17) 13... Qxb4+ 14. Kf1 c5 15. f4 (15. Rb1 $5 Qa5 16. exd4 cxd4 17. f4 Bd6 18.
Bxd4 Nbd7 19. Rxb7 $16) 15... Bd6 16. exd4 (16. e4 {looks strong as the threat
is e5 but you have to take into account that the bishop on b2 is completely
shut in.} Nc6 $1 17. e5 Bxe5 18. fxe5 Nxe5 $15 {Black has an excellent
position.}) 16... Nbd7 (16... cxd4 17. Bxd4 Nbd7 18. Rb1 $16) 17. Rg1 (17. d5
$14 {looked extremely logical, creating a passed pawn and also opening up the
bishop, but Vitiugov keeps the tension in the position.}) 17... g6 18. Rb1 {
The interesting part about this position is that all of White's forces are
scattered in conventional terms while Black has excellent co-ordination. Yet,
it is White who has a clear advantage as his pieces are functioning much
better than Black's army.} Qa5 19. f5 {A sacrifice on g6 is imminent now and
that explains Bukavshin's next move.} g5 {This is as good as resignation now.}
(19... Qc7 20. fxg6 fxg6 21. Bxg6 Kh8 $16 {gives Black better chances of
defence yet he should lose in the long run.}) 20. Qc1 $1 Kh8 (20... h6 21. h4
$1 $18) 21. dxc5 {opening up the bishop and threatening Qxg5.} (21. Qxg5 Rg8 {
is not very convincing from White's point of view.}) 21... Be7 (21... Qxc5 22.
Qxg5 Rg8 23. Bxf6+ $18) 22. Bd4 $1 {Defending the c5 pawn and threatening the
one on b7.} Qc7 23. Be4 $1 {The knight on f6 is pinned, so the bishop improves
itself and attacks the b7 pawn.} Rab8 24. Nc3 (24. Rxb7 $3 {is an excellent
tactical shot which can be found only if you are immensely alert. Qxg5 is
always met with Rg8. However, if the rook on b8 is deflected then Rg8 would
not be possible and hence's this was the fastest way to win.} Rxb7 25. Qxg5 $1
$18) 24... h6 (24... Qxh2 25. Rh1 (25. Nd5 Bxc5 {reduces White's advantage.})
25... Qf4 26. Qxf4 gxf4 27. Nd5 $18) 25. Nd5 Qd8 26. h4 Bxc5 27. hxg5 Bxd4 28.
gxf6 {The queen will land on h6 and end the game. A very original and powerful
game by Nikita Vitiugov.} 1-0

[Event "Santo Antonio 5th"]
[Site "Santo Antonio"]
[Date "2002.05.25"]
[Round "6"]
[White "Fernandes, Antonio ETG"]
[Black "Korneev, Oleg"]
[Result "1/2-1/2"]
[WhiteElo "2449"]
[BlackElo "2599"]
[Annotator "Schluricke,R"]
[PlyCount "238"]
[EventDate "2002.05.20"]
[EventType "tourn"]
[EventRounds "9"]
[EventCountry "POR"]
[EventCategory "9"]
[SourceTitle "CBM 088 Extra"]
[Source "ChessBase"]
[SourceDate "2002.07.01"]
[SourceVersion "2"]
[SourceVersionDate "2002.07.01"]
[SourceQuality "1"]

1. d4 d5 2. c4 e6 3. Nc3 c6 4. e4 dxe4 5. Nxe4 Bb4+ 6. Bd2 Qxd4 7. Bxb4 Qxe4+
8. Be2 Na6 9. Ba5 f6 10. Qd8+ Kf7 11. O-O-O (11. Nf3 {Dautov} b6 12. Bc3 Nc5 $1
$15) 11... e5 $1 $146 {[%mdl 8] Eine starke Neuerung.} (11... b6 {Ftacnik} 12.
Bc3 e5 13. Bh5+ g6 14. Bf3 Qxc4 $1 (14... Qf4+ $6 15. Rd2 Qxc4 16. Ne2 {
Van Wely,L-Krasenkow,M/ Istanbul olm 2000}) 15. Ne2 Rb8 $1 {/\ Be6}) (11...
Qxg2 {Ftacnik} 12. Nf3 Qg6 13. Rhg1 Qf5 14. Rg5 $1 Qe4 (14... fxg5 15. Nxg5+
$18) 15. Rdg1 g6 16. Re5 $1 $18) 12. f3 (12. Bh5+ $2 g6 13. Bf3 Qxc4+ 14. Bc3
Nb4 15. Ne2 Nxa2+ 16. Kd2 Nxc3 17. Nxc3 Kg7 18. Ne4 $19 {Kotanjian,T-Yevseev,D/
St Petersburg 2002/ 0-1 (31)}) (12. Bd3 {Yevseev}) 12... Qe3+ 13. Bd2 Qd4 14.
Qxd4 exd4 15. c5 Nxc5 16. Bb4 Ne6 17. Bc4 Ne7 18. Ne2 Rd8 19. Nxd4 Nd5 20. Bxd5
Rxd5 21. Nxe6 Bxe6 22. Rxd5 Bxd5 $17 23. Re1 c5 $1 24. Rd1 Bxa2 $19 25. Ba3 Be6
26. Kd2 Rd8+ 27. Ke1 Rc8 28. b4 cxb4 29. Bxb4 b6 30. Bd2 Rc2 31. Ra1 a5 32. Rb1
a4 33. Rxb6 a3 34. Rb7+ Kg6 35. Ra7 a2 36. Ke2 Rb2 37. h4 h5 38. Ke3 Rb1 39.
Bc3 Rc1 40. Bd4 Rh1 41. g3 Rg1 42. Kf2 Rd1 43. Ke3 Bc4 44. Ra4 Rd3+ 45. Ke4 Kf7
46. Bb2 Rb3 47. Rxa2 Rb7 48. Ra4 Bb3 49. Ra3 Bc2+ 50. Kd4 Rxb2 51. Kc3 Rb1 52.
Kxc2 Rg1 53. Kd2 Rxg3 54. Ke3 Rg2 55. Ra7+ Kg6 56. Kf4 Kh6 57. Ra6 Rg1 58. Rb6
Kh7 59. Rb5 Kg6 60. Ra5 Rh1 61. Kg3 Re1 62. Kf4 Kh6 63. Ra6 Re5 64. Rb6 Ra5 65.
Rc6 Kh7 66. Rc7 Ra4+ 67. Kg3 Kg6 68. Rc6 Ra7 69. Rb6 Kf7 70. Rb5 g6 71. Rc5 Ra6
72. Rc7+ Ke6 73. Rg7 Kf5 74. Rh7 Ra8 75. Rb7 Ra5 76. Rh7 Ra1 77. Rh8 Re1 78.
Rh7 Re8 79. Rf7 g5 80. hxg5 Kxg5 81. Rg7+ Kf5 82. Rh7 Rg8+ 83. Kf2 Kg5 84. Kg3
Kg6 85. Ra7 Kf5+ 86. Kf2 Re8 87. Ra5+ Re5 88. Ra4 Rb5 89. Kg3 Kg5 90. Rc4 Ra5
91. Rb4 Ra1 92. Rb5+ Kg6 93. Rb4 Rg1+ 94. Kf2 Rg5 95. Ra4 Rb5 96. Kg3 Kg5 97.
Rc4 Rb3 98. Rd4 Rb1 99. Rd5+ Kg6 100. Rd4 Kf7 101. Ra4 Rg1+ 102. Kf2 Rd1 103.
Kg3 Kg6 104. Rb4 Kg5 105. Rb5+ Kg6 106. Rb4 Kh6 107. Ra4 Rg1+ 108. Kf2 Rg8 109.
Rb4 Kg5 110. Kg3 Kf5+ 111. Kf2 Rh8 112. Kg3 Kg5 113. Rb5+ Kg6 114. Kh4 Ra8 115.
Rxh5 Ra4+ 116. f4 Rxf4+ 117. Kg3 Rd4 118. Ra5 f5 119. Ra8 Rd3+ 1/2-1/2

[Event "Metz op 12th"]
[Site "Metz"]
[Date "1994.??.??"]
[Round "4"]
[White "Schwartzman, Gabriel"]
[Black "Komarov, Dimitri"]
[Result "1-0"]
[WhiteElo "2500"]
[BlackElo "2535"]
[Annotator "Schwartzman,G"]
[PlyCount "53"]
[EventDate "1994.04.??"]
[EventType "swiss"]
[EventRounds "9"]
[EventCountry "FRA"]
[SourceTitle "CBM 041"]
[Source "ChessBase"]
[SourceDate "1994.08.01"]
[SourceVersion "1"]
[SourceVersionDate "1994.08.01"]
[SourceQuality "1"]

1. c4 c6 2. d4 d5 3. Nc3 e6 4. e4 dxe4 5. Nxe4 Bb4+ 6. Bd2 Qxd4 7. Bxb4 Qxe4+
8. Ne2 Na6 9. Bf8 Bd7 $5 {The usual move is 9...Ne7} 10. Qd6 (10. Bxg7 Nb4 $1)
10... O-O-O (10... Qg6 $142) 11. Bxg7 (11. O-O-O $6 Qg6) 11... Be8 $8 12. Qa3
Rd3 13. b3 (13. Qf8 c5 $5 14. Qxe8+ Rd8 15. Qxf7 (15. Qxd8+ Kxd8 16. Bxh8 Nb4)
15... Nb4 $1) 13... c5 {trying to fortify the b4 square for the knight} 14. f3
$1 Qh4+ (14... Qg6 15. Bxh8 Nb4 16. Kf2) 15. Ng3 $1 (15. g3 Qg5 16. Bxh8 Qd2+
17. Kf2 Qe3+) 15... Qg5 16. Bxd3 Qxg7 17. O-O $3 {Not allowing any counterplay
by specially sacrifing a piece in exchange of a very quick development of the
white pieces} Qd4+ 18. Kh1 Qxd3 19. Rad1 Qg6 (19... Qc3 20. Ne4 Qb4 21. Qb2 $18
) 20. Qa5 $1 Nc7 $8 (20... Qf6 21. Ne4 Qe7 22. Nd6+ Kb8 23. Nxe8 $18 Qd6) (
20... Bd7 21. Rxd7 Kxd7 22. Rd1+ Kc6 23. Qb5+ Kc7 24. Rd7+ Kc8 25. Qxb7#) 21.
Qd2 $1 b6 (21... Qf6 22. Ne4 Qe7 23. Nd6+ Kb8 24. Nf5 $1) 22. Qd8+ Kb7 23. Ne4
Nh6 $8 24. Nd6+ Kc6 (24... Ka6 25. Qxc7 $18) 25. Qc8 $1 Rg8 26. Qb7+ Kd7 27.
Nf5# {[#] [Schwartzman,G]} 1-0

[Event "Interzonal-16"]
[Site "Biel"]
[Date "1993.??.??"]
[Round "10"]
[White "Speelman, Jonathan S"]
[Black "Illescas Cordoba, Miguel"]
[Result "1-0"]
[WhiteElo "2605"]
[BlackElo "2625"]
[Annotator "Speelman,J"]
[PlyCount "121"]
[EventDate "1993.07.16"]
[EventType "swiss"]
[EventRounds "13"]
[EventCountry "SUI"]
[SourceTitle "CBM 037"]
[Source "ChessBase"]
[SourceDate "1993.12.01"]
[SourceVersion "1"]
[SourceVersionDate "1993.12.01"]
[SourceQuality "1"]

1. d4 d5 2. c4 c6 3. Nc3 Nf6 4. e3 e6 5. Qc2 Nbd7 6. Bd2 $5 Bd6 7. a3 (7. e4 $5
) 7... O-O 8. f4 $6 (8. c5 Bc7 9. f4 b6 10. b4 a5) (8. Nf3) 8... c5 $1 9. Nf3
cxd4 10. exd4 dxc4 11. Bxc4 Nb6 12. Bb3 Bd7 13. Ne5 Bc6 14. Qd3 Nbd5 (14...
Bxe5 15. fxe5 Ng4) 15. Bc2 Nxc3 16. Nxc6 bxc6 17. bxc3 $6 (17. Bxc3 $10) 17...
c5 18. O-O cxd4 19. cxd4 $15 g6 20. Bb3 Rb8 21. Kh1 Be7 22. Bc4 Nd5 $2 (22...
Qd7) 23. f5 $8 {time trouble} exf5 24. Bh6 Qd7 (24... Re8 $2 25. Rxf5 $1) 25.
Bxf8 Bxf8 26. Rab1 Rd8 27. Bxd5 Qxd5 $14 28. Rfd1 Re8 29. a4 Bd6 30. Re1 Rd8
31. Rbc1 Bb4 32. Red1 a5 33. Qc4 Kg7 $6 (33... f4) (33... Qe4 $5) 34. Qxd5 Rxd5
35. g3 $1 Rd6 36. Kg2 Kf6 37. Kf3 Ke6 38. Rc7 h5 39. d5+ {time trouble} Rxd5
40. Rxd5 Kxd5 41. Rxf7 $16 Kc4 $6 (41... Ke6) 42. Ke2 Kb3 43. Kd3 Kxa4 44. Kc2
$1 (44. Kc4 Ka3 45. Rg7 Kb2 46. Rxg6 Kc2 47. Rg5 Bd2 $1 48. Rxh5 a4 49. Rxf5 a3
50. Rf8 a2 51. Ra8 Kb2 52. Kd5 a1=Q 53. Rxa1 Kxa1 $16 {but probably drawn eg:}
54. g4 Kb2 55. h4 Kc3 56. g5 Kd3 57. Ke5 Ke3 58. h5 Kf3 59. Kf5 Kg3 60. h6 Kh4
$10) 44... Kb5 45. Rf6 Kc4 46. Rxg6 Kd4 (46... a4 47. Rf6 a3 48. Rxf5 Bc3 49.
Rf4+ Bd4 50. Kb1 $1 $18) 47. Rg5 Ke4 48. Rxh5 f4 $6 (48... Bd6) 49. gxf4 $1
Kxf4 50. Rh4+ Kg5 51. Rd4 $18 Kh5 52. Kd3 Be7 53. Ke2 a4 $5 54. Rxa4 Bd6 55.
Ra8 $1 (55. h3 $6 {xKh3}) 55... Kg4 56. Rh8 Be5 57. Rh7 Bf6 58. Kf2 Bh4+ 59.
Kg2 Bg5 60. h3+ Kf5 61. Kg3 1-0

[Event "Schwarzach op-A"]
[Site "Schwarzach"]
[Date "1998.08.26"]
[Round "5"]
[White "Polak, Tomas"]
[Black "Neckar, Lubomir"]
[Result "1-0"]
[WhiteElo "2525"]
[BlackElo "2345"]
[Annotator "Stanec,N"]
[PlyCount "51"]
[EventDate "1998.08.30"]
[EventType "swiss"]
[EventRounds "9"]
[EventCountry "AUT"]
[SourceTitle "EXT 2000"]
[Source "ChessBase"]
[SourceDate "1999.11.16"]
[SourceVersion "1"]
[SourceVersionDate "1999.11.16"]
[SourceQuality "1"]

1. d4 d5 2. c4 e6 3. Nc3 Be7 {Schwarz versucht durch diese Zugumstellung
seinen Gegner entweder zu Lf4 oder Sf3 zu zwingen.} 4. cxd5 (4. Nf3 Nf6 5. Bg5
O-O 6. e3 Nbd7 7. cxd5 exd5 8. Bd3 c6 {Weiß hat nicht mehr die Option den
Springer nach e2 zu entwickeln.}) 4... exd5 5. Bf4 c6 {Falls Schwarz den
Läufer f4 abtauschen möchte muß er ein Tempo durch Le7-d6 verlieren.} 6. Qc2 g6
{Auf Kosten einer Schwächung der schwarzen Felder setzt er doch Lf5 durch.} 7.
e3 Bf5 8. Qd2 (8. Qb3 $2 Qb6 $1 9. Qxb6 axb6 10. Nf3 b5 $140 11. Be2 Nd7 12.
O-O Nb6 $15 {Die a-Linie und der Punkt c4 gibt Schwarz gutes Spiel.}) 8... Nf6
9. f3 h5 10. h4 (10. Bd3 Bxd3 11. Qxd3 Nbd7 12. Nge2 {Ionescu-Geller 1986 und
Gurevich-Geller 1987}) 10... Nbd7 11. Nh3 c5 12. Ng5 cxd4 13. exd4 $14 {
Bei symmetrischer Bauernstellung stehen die Springer c3,g5 aktiver als d7,f6.}
a6 14. Nd1 Qb6 15. a3 Kf8 $6 (15... O-O 16. Ne3 Be6 17. Rg1 $6 (17. Kf2 Rfe8
18. Re1 Nf8 $14) 17... Rfe8 18. Kf2 Bd6 $11) 16. Ne3 Re8 17. Kf2 Be6 18. Rc1
Kg7 19. Bc7 $16 {Die schwarze Dame muß die Deckung des Le6 aufgeben.} Qa7 (
19... Qb3 20. Rc3 Qa4 21. g3 Nf8 22. Be5 $16) 20. g3 $1 Rc8 21. Nxe6+ fxe6 22.
Bh3 Nc5 (22... Rhf8 23. Kg2 (23. Bxe6 $4 Ne4+) 23... b5 24. Bf4 Kf7 25. Rhe1
$16) 23. Rxc5 $1 Bxc5 24. Be5 Be7 25. Bxe6 Kh7 (25... Rc6 26. Bxd5 $1 (26. Nf5+
gxf5 27. Qg5+ Kf8 28. Bxf6 Rxe6 29. Qg7+ Ke8 30. Qxh8+ Kd7 31. Rc1 Qb6 32. Qc8+
Kd6 33. Bxe7+ $16) 26... Rb6 27. g4 $1 Kf8 28. g5 Nxd5 29. Nxd5 $18) (25...
Rcd8 26. Nf5+ Kf8 (26... gxf5 27. Qg5+ Kf8 28. Qg6 $1 Rh7 29. Bxf6 Bxf6 30.
Qxf6+ Ke8 31. Re1 $1 $18) 27. Nxe7 Kxe7 28. Qg5 Rhf8 29. Re1 $1 $18) 26. Nf5
1-0